| 000 | 00374nam a2200157Ia 4500 | ||
|---|---|---|---|
| 005 | 20250424120335.0 | ||
| 008 | 250424s9999 xx 000 0 und d | ||
| 022 | _a10976671 | ||
| 050 | _aHF 5001 .U55/ | ||
| 245 | 0 | _aUniversity business | |
| 260 | _bCFA Institute | ||
| 260 | _c2011 | ||
| 300 | _a64 p. : ill. ; 27 cm. | ||
| 650 | _aBusiness--Periodicals | ||
| 942 | _cSR | ||
| 999 |
_c38758 _d38758 |
||